Egészségfejlesztés [rövid hír]

Elmentve itt :
Bibliográfiai részletek
Dokumentumtípus: Cikk
Megjelent: 2007-11-08
Sorozat:Délmagyarország
Kulcsszavak:Tudományos ülés, egészségfejlesztés
Online Access:http://univ.bibl.u-szeged.hu/32292
LEADER 00458nab a2200157 i 4500
001 univ32292
005 20171214104328.0
008 171214s2007 hu o 0|| zxx d
040 |a SZTE UnivHistória Repozitórium  |b hun 
041 |a zxx 
245 0 0 |a Egészségfejlesztés [rövid hír]  |h [elektronikus dokumentum] 
260 |c 2007-11-08 
300 |a 6 
490 0 |a Délmagyarország 
561 |a Egyetemi hirarchívum 
695 |a Tudományos ülés, egészségfejlesztés